Applied Bayesian forecasting and time series analysis /
Guardado en:
| Autor Principal: | |
|---|---|
| Otros Autores: | , |
| Formato: | Libro |
| Idioma: | English |
| Publicado: |
Boca Raton :
Chapman & Hall/CRC,
c1994.
|
| Materias: | |
| Acceso en línea: | Table of contents |
| Etiquetas: |
Agregar Etiqueta
Sin Etiquetas, Sea el primero en etiquetar este registro!
|
| LEADER | 01397pam a2200277 a 4500 | ||
|---|---|---|---|
| 001 | MAT.inmabb003546 | ||
| 008 | 940324s1994####flua#####b####001#0#eng## | ||
| 005 | 20130404100224.0 | ||
| 245 | 1 | 0 | |a Applied Bayesian forecasting and time series analysis / |c Andy Pole, Mike West, Jeff Harrison. |
| 260 | |a Boca Raton : |b Chapman & Hall/CRC, |c c1994. | ||
| 300 | |a xviii, 409 p. : |b il. ; |c 25 cm. + |e 1 diskette (3.5 plg.) | ||
| 538 | |a System requirements for computer disk: IBM-compatible PC; DOS 3.0 or later; Microsoft Windows optional; hard disk with 2MB free space recommended; IBM CGA, EGA, VGA, Hercules monochrome or ATT (Olivetti) monochrome graphics adapter; math coprocessor and mouse recommended. | ||
| 500 | |a El diskette contiene BATS : Bayesian analysis of time series. DOS and Windows versions 2.1. | ||
| 504 | |a Incluye referencias bibliográficas e índice. | ||
| 020 | |a 0412044013 | ||
| 100 | 1 | |a Pole, Andy. | |
| 700 | 1 | |a West, Mike, |d 1959- | |
| 700 | 1 | |a Harrison, Jeff. | |
| 650 | 0 | |a Time-series analysis. | |
| 650 | 0 | |a Bayesian statistical decision theory. | |
| 650 | 0 | |a Social sciences |x Statistical methods. | |
| 084 | |a 62M20 (62M10 62F15) |2 msc2000 | ||
| 010 | |a 94013542 | ||
| 040 | |a DLC |c DLC |d DLC | ||
| 856 | 4 | 2 | |u http://www.crcpress.com/shopping%5Fcart/products/product%5Fcontents.asp?id=&parent%5Fid=&sku=C4401&pc= |y Table of contents |
| 859 | |h 62 |i P763 |p A-7592 |b BIB. MATEMATICA | ||
